La invisible mordaza: el mercado contra la prensa

محفوظ في:
التفاصيل البيبلوغرافية
المؤلف الرئيسي: Uribe O., Hernán (مؤلف)
التنسيق: كتاب
اللغة:الإسبانية
منشور في: Santiago Cuarto Propio 1999
سلاسل:Serie Ensayo
الموضوعات:
الوسوم: إضافة وسم
لا توجد وسوم, كن أول من يضع وسما على هذه التسجيلة!

MARC

LEADER 00000nam a2200000 a 4500
001 UCN1099
003 CL-VaPUC
008 010420e19990900CL |||||||||||||||||spa|d
082 0 4 |a 323.445  |b URI  |2 21 
100 0 |a Uribe O., Hernán  |e author  |9 456489 
245 1 3 |a La invisible mordaza: el mercado contra la prensa 
300 |a 286 p 
942 |c BK 
945 |d 20010420 00:00:00  |a cmena 
260 |a Santiago  |b Cuarto Propio  |c 1999 
650 0 |a Libertad de prensa  |9 255610 
650 0 |a Democracia  |9 255256 
650 0 |a Ética periodística  |9 257096 
650 0 |a Derechos humanos  |9 223025 
583 |a last modification  |c 20010420 00:00:00  |k Rodrigo Vera 
490 0 |a Serie Ensayo 
999 |c 294677  |d 294675 
952 |0 0  |1 0  |4 0  |6 323_445000000000000_URI_1999  |7 0  |8 A  |9 347333  |a BIBCUR  |b BIBCUR  |d 2019-11-20  |i 3713741  |o 323.445 URI 1999  |p 3713741  |r 2025-04-22  |w 2019-11-20  |y BK  |k PER